Relatoría del Encuentro

Hace una breve reseña de la situación económica y social de Nicaragua en los últimos años. En cuanto a los municipios, señala aspectos de legislación y recaudación de impuestos en favor de una autonomía, pero sujeta a cambios de acuerdo a una nueva legislación. Se refiere también a las competencias...

Olles dieđut

Furkejuvvon:
Bibliográfalaš dieđut
Materiálatiipa: Texto
Almmustuhtton: San José: DEMUCA
Fáttát:
Fáddágilkorat: Lasit fáddágilkoriid
Eai fáddágilkorat, Lasit vuosttaš fáddágilkora!

MARC

LEADER 00000 a a2200000 04500
001 21917
003
040
090 |a 146205  
245 |a Relatoría del Encuentro  
260 |a San José:   |b DEMUCA  
300 |a 133 p; vol. 2  
520 |a Hace una breve reseña de la situación económica y social de Nicaragua en los últimos años. En cuanto a los municipios, señala aspectos de legislación y recaudación de impuestos en favor de una autonomía, pero sujeta a cambios de acuerdo a una nueva legislación. Se refiere también a las competencias de esa institución. REV/LCL  
650 |a DESARROLLO LOCAL  
650 |a GOBIERNO LOCAL  
650 |a AUTONOMIA ADMINISTRATIVA  
650 |a ASPECTOS JURIDICOS  
650 |a FUNCION PUBLICA  
999 |c 10818  |d 10818